La increíble historia de Lavinia

Wedi'i Gadw mewn:
Manylion Llyfryddiaeth
Prif Awdur: Pitzorno, Bianca (Awdur)
Fformat: Llyfr
Iaith:Sbaeneg
Cyhoeddwyd: Santiago Zig-Zag 2005
Rhifyn:8a. ed
Cyfres:Delfín de Color
Pynciau:
Tagiau: Ychwanegu Tag
Dim Tagiau, Byddwch y cyntaf i dagio'r cofnod hwn!

MARC

LEADER 00000nam a2200000 a 4500
001 UCG0143
003 CL-VaPUC
008 100312e20050000CL |||||||||||||||||spa|d
020 |a 9561208741 
082 0 4 |a 853  |b PIT  |2 21 
100 0 |a Pitzorno, Bianca  |e author  |9 547536 
245 1 3 |a La increíble historia de Lavinia 
250 |a 8a. ed 
300 |a 106 p 
942 |c BK 
945 |d 20100312 00:00:00  |a cmena 
260 |a Santiago  |b Zig-Zag  |c 2005 
500 |a Desde 9 años 
650 0 |a Novela italiana  |9 265740 
650 0 |a Literatura italiana  |9 266970 
650 0 |a Literatura infantil   |9 307465 
583 |a last modification  |c 20121105 03:51:49  |k Rodrigo Vera 
490 0 |a Delfín de Color 
999 |c 339890  |d 339888